Art and craft : (Record no. 113116)
[ view plain ]
| 000 -LEADER | |
|---|---|
| fixed length control field | 00297nam a2200121 a 4500 |
| 001 - CONTROL NUMBER | |
| control field | 4140 |
| 005 - DATE AND TIME OF LATEST TRANSACTION | |
| control field | 20140414132003.0 |
| 008 - FIXED-LENGTH DATA ELEMENTS--GENERAL INFORMATION | |
| fixed length control field | 090218s19uu xx 00 eng d |
| 050 ## - LIBRARY OF CONGRESS CALL NUMBER | |
| Classification number | TR 745.5 |
| Item number | F32 2006 |
| 100 ## - MAIN ENTRY--PERSONAL NAME | |
| Personal name | Feely, Jenny |
| 245 ## - TITLE STATEMENT | |
| Title | Art and craft : |
| Remainder of title | helping kids at home. |
| Withdrawn status | Lost status | Damaged status | Home library | Current library | Shelving location | Date acquired | Total Checkouts | Full call number | Barcode | Date last seen | Price effective from | Koha item type |
|---|---|---|---|---|---|---|---|---|---|---|---|---|
| Munich Library | Munich Library | Teachers Reference Section | 03/17/2009 | TR 745.5 F32 2006 | M4606 | 04/14/2014 | 04/14/2014 | Books |